It's Always Sunny Characters Quiz Stats

Quiz Updated Jul 27, 2013

Challenge
Share
Tweet
Score 0/24 Timer 06:00
1 Play Today
# Character % Correct
A3Charlie Kelly
98.2%
A4Deandra 'Sweet Dee' Reynolds
97.5%
A2Ronald 'Mac' McDonald
96.9%
A5Frank Reynolds
96.7%
A1Dennis R. Reynolds
96.1%
D1The Waitress
89.3%
C2Matthew 'Rickety Cricket' Mara
83.5%
B3Bonnie Kelly
82%
B2Mrs. McDonald
81%
B1Luther McDonald
76.6%
C1Artemis Dubois
70.4%
A6Barbara Reynolds
70.4%
# Character % Correct
D4The Lawyer
65.1%
B4Jack Kelly
65%
C3Maureen Ponderosa
56.6%
D6Carmen
55.8%
B6Bruce Mathis
50.9%
C4Liam McPoyle
49.2%
D5Ben Smith
45.9%
C6Margaret McPoyle
40.1%
D2Ingrid 'Fatty Magoo' Nelson
39.8%
B5Gino Reynolds
39.2%
D3Peter 'Schmitty' Schmidt
35%
C5Ryan McPoyle
34.6%

You're not logged in!

Compare scores with friends on all Sporcle quizzes.
Sign Up with Email
OR
Log In

You Might Also Like...

Show Comments

Extras

Top Quizzes Today


Score Distribution

Your Account Isn't Verified!

In order to create a playlist on Sporcle, you need to verify the email address you used during registration. Go to your Sporcle Settings to finish the process.